000 00286cam a22001097a 4500
008 180718b1950 xxu||||| |||| 00| 0 eng d
082 _aB71103x5452 M267
100 _aMadras. Legal Department
245 _aMadras Act No. X of 1950
260 _aMadras
_bThe author
_c1950
300 _a80p.
999 _c488581
_d488581